[Event "2nd Asian Nations Team Cup U14 2019"]
[Site "Shenzhen"]
[Date "2019.12.23"]
[Round "6.5"]
[White "Jin Yueheng"]
[Black "Daneshvar, Bardiya"]
[Result "0-1"]
[WhiteElo "1924"]
[BlackElo "2330"]
[Annotator "TA"]
[PlyCount "138"]
[EventDate "2019.12.19"]
[EventType "team-tourn"]
[EventCountry "CHN"]
[SourceTitle "playchess.com"]
[Source "ChessBase"]
[SourceQuality "1"]
[WhiteTeam "China"]
[BlackTeam "Iran"]
[WhiteTeamCountry "CHN"]
[BlackTeamCountry "IRI"]

{[%evp 11,146,0,-1,0,0,-9,0,0,0,-7,33,0,0,0,0,0,0,-24,10,0,0,0,0,0,10,-4,0,0,0,-32,-16,-50,-35,-50,-55,-43,-37,-58,0,0,-10,-15,0,-12,-14,-29,-11,-74,-73,-73,-75,-79,-81,-54,-25,-103,-96,-161,-170,-335,-325,-321,-326,-481,-457,-405,-207,-194,-8,-8,-8,-8,0,0,0,0,0,0,0,0,0,0,0,-17,-8,-8,-13,-55,-81,-414,-408,-318,-171,-168,-36,-373,-347,-5089,-4818,-1696,-1541,-7697,-6901,-2058,-6897,-558,-4617,-29972,-29973,-29973,-29974,-29973,-29975,-29975,-29976,-29976,-29977,-29977,-29978,-29979,-29980,-29985,-29979,-29988,-29980,-29994,-29995,-29995,-29994,-29995,-29996,-29996,-29997,-29997,-29998,-29998,-29999]} 1. d4 Nf6 2. c4 g6 3. Nc3 d5 4. Nf3 Bg7 5. e3 O-O 6. Bd2 e6 7. Be2 {D94: Grünfeld: 4 Nf3 Bg7 5 e3} (7. Rc1 b6 8. cxd5 exd5 9. b4 c6 10. Be2 Bb7 11. O-O Nbd7 12. Qb3 Qe7 13. Rfd1 Rfd8 14. a4 Rab8 15. Be1 Ba8 {½-½ (39) Bu,X (2718)-Li,C (2725) Ningbo 2018}) 7... Nbd7 8. O-O dxc4 $146 ({Predecessor:} 8... c5 9. Rc1 a6 10. b3 b6 11. cxd5 exd5 12. Na4 Ne4 13. dxc5 bxc5 14. Ba5 Qxa5 15. Qxd5 {0-1 (39) Jelen,I (2385)-Kozul,Z (2575) Maribor 1994}) 9. Bxc4 {The position is equal.} c5 10. Rc1 cxd4 11. Nxd4 e5 12. Nde2 Nb6 13. Bb3 $1 Bf5 14. Na4 Qe7 15. Nxb6 axb6 16. Qe1 {Strongly threatening Bb4.} Rfd8 17. Bb4 Qd7 18. a3 Bd3 19. Bc4 e4 20. Qd2 Ng4 21. h3 Ne5 22. Bxd3 Nxd3 23. Rc2 Qa4 24. Nd4 Rac8 25. Rxc8 Rxc8 26. Bc3 f5 27. Qd1 Qxd1 28. Rxd1 Bxd4 29. exd4 $11 {[%mdl 4096] Endgame KRB-KRN} (29. Bxd4 $11 Rc2 30. f3) 29... Kf7 30. Kf1 Ke6 31. g3 Kd5 32. Ke2 Kc4 33. Ke3 (33. f3 $11) 33... g5 $1 $17 34. Rd2 (34. Ke2 $17) 34... Re8 $19 35. Rd1 $2 (35. d5) 35... f4+ $1 36. Ke2 e3 37. f3 (37. b3+ {was worth a try.} Kxc3 38. Rxd3+ Kc2 39. f3) 37... Nf2 {[%mdl 64] Double Attack} 38. Rg1 fxg3 (38... h5 $142 39. d5 Nxh3) 39. Rxg3 Nd3 $2 (39... h6 $1 $19 40. h4 gxh4) 40. Rxg5 $11 Nf4+ 41. Ke1 Kd3 {aiming for ...h6.} (41... e2 $5 42. Re5 $8 Nd3+ 43. Kxe2 Nxe5 44. dxe5 Kd5 $11) 42. d5 $1 Kc2 43. Rg4 $1 {[%cal Rg4f4]} Nd3+ 44. Ke2 {Threatens to win with Re4.} Nc1+ 45. Ke1 Rf8 46. Rg3 Rd8 47. Rg5 h6 48. Rg2+ Kd3 49. Rg6 Rxd5 50. Rxh6 $2 {[%mdl 8192]} ({Don't go for} 50. Rxb6 $2 Kc2 $19) (50. Kd1 $17 {is more resistant.} Ne2 51. Rxb6) 50... Kc2 $19 {[%csl Gc2][%cal Rd5d1]} 51. Kf1 {[#]} Rd1+ (51... Rd2 $142 $1 {[%mdl 512] ( -> ...e2+)} 52. Re6 (52. Bxd2 exd2) 52... Rf2+ {[%mdl 64] Double Attack} 53. Kg1 Ne2+ {[%mdl 64] Double Attack} 54. Kh1 Nxc3 55. Rxe3 Kxb2) 52. Kg2 {[#]} Na2 (52... Rd2+ $1 $19 {[%mdl 512]} 53. Kh1 (53. Bxd2 exd2) 53... Na2 54. Bxd2 exd2) 53. Re6 $2 {[%mdl 8192]} (53. Be5 $1 $15) 53... Nxc3 54. bxc3 $2 {KR-KR} (54. Rxe3 Kxb2 55. f4) 54... Kd2 55. Rd6+ Ke1 56. Rxb6 e2 57. Rb2 Ra1 (57... Rc1 $142 58. Rxb7 Kd2 59. Rb2+ Ke3 60. Rxe2+ Kxe2) 58. Rxb7 Kd2 (58... Kd1 $142 59. Re7 (59. Rd7+ $2 Kc2 $19) 59... e1=Q 60. Rxe1+ Kxe1) 59. Rd7+ Kxc3 {Black mates.} 60. Rc7+ Kd4 61. Rd7+ Kc5 62. Re7 e1=Q 63. Rxe1 Rxe1 {KR-K3P} 64. Kg3 Kd6 65. Kg4 Ke5 66. h4 Kf6 67. Kh5 Ra1 68. Kh6 Rxa3 69. f4 {[#]} Ra5 {Played: Ra3-h3} 0-1

[Event "2nd Asian Nations Team Cup U14 2019"]
[Site "Shenzhen"]
[Date "2019.12.23"]
[Round "6.6"]
[White "Poormosavi, Seyed Kian"]
[Black "Zhang, Di"]
[Result "0-1"]
[WhiteElo "2317"]
[BlackElo "2013"]
[Annotator "TA"]
[PlyCount "59"]
[EventDate "2019.12.19"]
[EventType "team-tourn"]
[EventCountry "CHN"]
[SourceTitle "playchess.com"]
[Source "ChessBase"]
[SourceQuality "1"]
[WhiteTeam "Iran"]
[BlackTeam "China"]
[WhiteTeamCountry "IRI"]
[BlackTeamCountry "CHN"]

{[%evp 17,59,35,33,0,0,-8,-5,-8,-8,-10,0,-8,0,0,15,-110,-114,-111,-107,-110,-110,-110,-106,-112,-101,-108,-112,-139,-139,-144,-111,-123,-136,-156,-111,-125,-99,-131,-128,-157,-166,-165,-104,-147]} 1. e4 c5 2. Nf3 e6 3. d4 cxd4 4. Nxd4 Nf6 5. Nc3 Nc6 6. g3 Bb4 7. Bg2 d5 8. O-O O-O 9. exd5 exd5 10. Nce2 {B24: Closed Sicilian: 3 g3 sidelines} Bg4 (10... h6 11. h3 Re8 12. Nf4 Ne4 13. c3 Bc5 14. Be3 Bb6 15. Re1 Nf6 16. Qd3 Ne5 17. Qc2 Nc4 {1-0 (43) Bartel,M (2641)-Safarli,E (2649) Dubai 2014}) 11. f3 Bd7 12. Be3 {The position is equal.} Re8 13. Bf2 Bc5 14. c3 Ne5 15. Nf4 $146 ({Predecessor:} 15. b3 Rc8 {½-½ (15) Leconte,J-Muller,J France 1993}) 15... a6 16. Nd3 (16. Re1 $11 {keeps the balance.}) 16... Bxd4 $1 $17 17. Bxd4 Nxd3 18. Qxd3 Bb5 19. Qf5 Bxf1 20. Bxf1 Qd7 21. Qf4 Qe6 22. Bd3 Nd7 23. Bf5 Qc6 24. Qh4 Nf8 ({Stronger than} 24... Nf6 25. Bxf6 Qxf6 26. Qxh7+ Kf8 27. Qh8+ Ke7 28. Re1+ Kd6 29. Rxe8 $16) 25. Bd3 Re6 26. f4 f6 27. g4 Rae8 28. g5 {[#]} fxg5 $1 29. Qxg5 {[%csl Gd4][%cal Rg5g7] [#]} Qd7 ({Black should play} 29... R6e7 $1 $19 30. f5 Nd7) 30. f5 {Accuracy: White = 35%, Black = 57%.} 0-1

[Event "2nd Asian Nations Team Cup U14 2019"]
[Site "Shenzhen"]
[Date "2019.12.23"]
[Round "6.7"]
[White "Xiao, Tong"]
[Black "Atakhan, Abtin"]
[Result "0-1"]
[WhiteElo "1925"]
[BlackElo "2307"]
[Annotator "TA"]
[PlyCount "106"]
[EventDate "2019.12.19"]
[EventType "team-tourn"]
[EventCountry "CHN"]
[SourceTitle "playchess.com"]
[Source "ChessBase"]
[SourceQuality "1"]
[WhiteTeam "China"]
[BlackTeam "Iran"]
[WhiteTeamCountry "CHN"]
[BlackTeamCountry "IRI"]

{[%evp 15,106,4,25,34,35,12,16,16,12,-9,-11,-8,11,10,2,0,41,48,31,22,41,0,0,-20,-21,-33,-33,-33,-37,-41,-28,-39,-37,-33,-16,-21,-14,-14,-21,-73,-64,-78,-58,-82,-64,-99,-104,-69,-77,-98,-25,-36,-27,-215,-212,-212,-202,-234,-185,-185,-184,-1950,-1816,-29960,-29960,-29960,-29961,-29957,-29956,-29960,-29962,-29967,-29968,-29972,-29972,-29974,-29975,-29973,-29977,-29977,-29978,-29978,-29979,-29982,-29983,-29983,-29982,-29982,-29983,-29984,-29985,-29985,-29986]} 1. e4 c5 2. Nf3 Nc6 3. d4 cxd4 4. Nxd4 g6 5. Nc3 Bg7 6. Be3 Nf6 7. Bc4 O-O 8. Bb3 d5 9. exd5 {B35: Sicilian: Accelerated Dragon with 5 Nc3: main line} Na5 $1 10. Nde2 (10. O-O Nxb3 11. Nxb3 b6 12. d6 e6 13. Qf3 Rb8 14. Rfd1 Bb7 15. Qh3 Rc8 16. Bd4 Nd5 17. Nxd5 Bxd5 18. Bxg7 Kxg7 {1-0 (34) Vachier Lagrave,M (2796)-Gelfand,B (2719) Palma de Mallorca 2017}) 10... a6 11. O-O {The position is equal.} b5 12. Bc5 $146 ({Predecessor:} 12. Qd3 Bf5 13. Qd2 Rc8 14. Rfd1 Nxb3 15. cxb3 b4 16. Na4 Rc2 {0-1 (55) Dvirnyy,D (2485)-Guseinov,G (2664) Skopje 2018}) 12... Qc7 13. Bb4 Nxb3 14. axb3 {Threatening d6.} Bb7 15. Nd4 Qd7 16. Nc6 $1 {[%cal Rc6e7]} Rfe8 17. Re1 {[%cal Rc6e7]} Bf8 18. Qf3 Nxd5 $1 19. Nxd5 Bxc6 20. c4 Qb7 21. Bc3 {Black must now prevent Nf6+!} b4 $36 {[%mdl 2048] Black has some pressure.} 22. Bd4 {Hoping for Nf6+!} Bxd5 23. cxd5 Red8 24. Ra5 Rd7 25. Qe4 Bg7 26. Bxg7 Kxg7 27. Qe5+ {[#]} (27. g3 $11 {remains equal.}) 27... Kg8 $1 $17 28. h4 Rad8 {[%cal Rd7d5]} 29. Rd1 {[#]} e6 $1 {[%mdl 512]} 30. Qf6 (30. dxe6 Rxd1+) 30... Qb6 31. Rda1 Rxd5 32. Rxa6 Rd1+ (32... Qd4 $17 33. Qxd4 Rxd4) 33. Kh2 $11 Qb8+ 34. f4 $2 (34. Kh3 $1 $11 {and White stays safe.}) 34... Rxa1 $19 35. Rxa1 {[%mdl 4096] Endgame KQR-KQR} Rd5 36. Kg3 e5 {Strongly threatening ...exf4+.} 37. Rf1 {[#]} exf4+ $1 38. Rxf4 $2 (38. Qxf4 Rd3+ 39. Rf3 Qxf4+ 40. Kxf4) 38... Rf5 39. Qd4 Rxf4 {Black mates.} 40. Qxf4 Qxf4+ 41. Kxf4 {KP-KP} f6 42. Ke4 h5 43. Kd4 g5 44. g3 Kf7 45. Kd5 f5 46. Ke5 {[#]} f4 $1 {[%mdl 512]} 47. gxf4 gxh4 {K3P-K3P} 48. Ke4 Kf6 49. f5 h3 50. Kf3 h4 51. Kf2 Kxf5 52. Kg1 Ke4 53. Kh2 Kd3 {Accuracy: White = 32%, Black = 79%.} 0-1

[Event "2nd Asian Nations Team Cup U14 2019"]
[Site "Shenzhen"]
[Date "2019.12.23"]
[Round "6.8"]
[White "Khorshidi, Mohammad Javad"]
[Black "Chen, Yuan"]
[Result "1/2-1/2"]
[WhiteElo "2094"]
[BlackElo "2056"]
[Annotator "NA RC"]
[PlyCount "88"]
[EventDate "2019.12.19"]
[EventType "team-tourn"]
[EventCountry "CHN"]
[SourceTitle "playchess.com"]
[Source "ChessBase"]
[SourceQuality "1"]
[WhiteTeam "Iran"]
[BlackTeam "China"]
[WhiteTeamCountry "IRI"]
[BlackTeamCountry "CHN"]
[TimeControl "5400+30"]

{[%evp 8,86,25,20,31,26,31,12,12,18,22,29,35,16,41,46,36,34,21,20,25,25,39,31,43,32767,32767,32767,32767,39,32767,32767,32767,32767,32767,43,46,55,32767,32767,32767,32767,32767,32767,132,122,127,43,32767,32767,3,20,22,11,18,10,42,8,18,32767,32767,32767,32767,32767,32767,0,0,0,0,32767,32767,32767,32767,32767,32767,32767,0,0,0,0,0]} 1. d4 {[%emt 0:00:00]} d5 {[%emt 0:00:00]} 2. c4 {[%emt 0:00:00]} c6 {[%emt 0:00:00]} 3. cxd5 {[%emt 0:00:24]} cxd5 {[%emt 0:00:00]} 4. Bf4 {[%emt 0:01:29]} Nf6 {[%emt 0:01:53]} 5. Nc3 {[%emt 0:00:10]} e6 {[%emt 0:00:55]} 6. e3 {[%emt 0:00:13]} Bd6 {[%emt 0:01:55]} 7. Bg3 {[%emt 0:01:09]} O-O {[%emt 0:00:09]} 8. Bd3 {[%emt 0:00:12]} Nc6 {[%emt 0:00:09]} 9. Nf3 {[%emt 0:00:14]} Ne8 {[%emt 0:05:12] D13: Slav Defence: Exchange variation without ...Bf5} (9... h6 10. O-O Bxg3 11. hxg3 Qd6 12. a3 Bd7 13. b4 Rfc8 14. Qb3 e5 15. Nb5 Qe7 16. Nxe5 Nxe5 17. dxe5 Qxe5 18. Nd4 Ne4 19. Bxe4 dxe4 20. Rac1 b6 {½-½ (20) Kiewra,K (2426)-Kamsky,G (2638) Rockville 2016}) 10. Ne5 {[%emt 0:08:13]} f5 {[%emt 0:04:13]} 11. Nxc6 $146 {[%emt 0:22:06]} ({Predecessor:} 11. O-O Qf6 12. f4 Qe7 13. Rc1 Bd7 14. Bb5 Rc8 15. Nd3 Nb4 16. Bh4 Nf6 17. a3 Bxb5 18. Bxf6 gxf6 19. Nxb5 Nxd3 20. Qxd3 {½-½ (40) Restas,P (2293)-Simon,N (2148) Heves 2001}) 11... bxc6 {[%emt 0:00:05]} 12. Bxd6 {[%emt 0:04:14]} Qxd6 {[%emt 0:01:00]} 13. O-O {[%emt 0:00:40]} c5 {[%emt 0:04:23]} 14. dxc5 {[%emt 0:09:56]} Qxc5 {[%emt 0:00:12]} 15. Rc1 {[%emt 0:00:07]} Qb4 {[%emt 0:06:59]} 16. Na4 {[%emt 0:06:13]} Nf6 {[%emt 0:02:21]} 17. b3 {[%emt 0:03:33]} Qd6 18. Nc5 {[%emt 0:07:11]} Bd7 {[%emt 0:15:58]} 19. b4 {[%emt 0:04:04]} Rfb8 {[%emt 0:08:13]} 20. Qd2 {[%emt 0:02:17]} Bb5 {[%emt 0:02:02]} 21. Bxb5 {[%emt 0:03:12]} Rxb5 {[%emt 0:00:02]} 22. a4 {[%emt 0:00:45]} Rb6 {[%emt 0:01:22]} 23. b5 {[%emt 0:02:43]} Ne4 {[%emt 0:07:56]} 24. Qd4 {[%emt 0:06:59]} h6 25. Na6 {[%emt 0:02:33]} Rd8 {[%emt 0:16:57]} 26. f3 {[%emt 0:02:23]} Nf6 {[%emt 0:00:04]} 27. Qd3 {[%emt 0:01:53]} ({Better is} 27. Rfd1 $16) 27... d4 {[%emt 0:05:51]} 28. exd4 {[%emt 0:00:58]} Qxd4+ {[%emt 0:00:32]} 29. Qxd4 {[%emt 0:00:01]} Rxd4 {[%emt 0:00:01]} 30. Nc5 {[%emt 0:01:49]} Nd7 {[%emt 0:04:22]} 31. Nxd7 {[%emt 0:00:31]} Rxd7 {[%emt 0:00:04]} 32. Rfd1 {[%emt 0:01:55]} Rxd1+ {[%emt 0:03:34]} 33. Rxd1 {[%emt 0:00:01]} a6 {[%emt 0:00:13]} 34. Rb1 {[%emt 0:01:21]} axb5 {[%emt 0:00:05]} 35. Rxb5 {[%emt 0:00:10]} Rc6 {[%emt 0:02:56]} 36. Rb7 {[%emt 0:03:39]} Ra6 {[%emt 0:04:47]} 37. Rb4 e5 {[%emt 0:02:01]} 38. Rb5 {[%emt 0:00:42]} Rxa4 {[%emt 0:00:27]} 39. Rxe5 {[%emt 0:00:08]} f4 {[%emt 0:00:38]} 40. Re7 {[%emt 0:00:29]} Kh7 {[%emt 0:00:21]} 41. Re6 {[%emt 0:00:09]} Kg8 {[%emt 0:01:01]} 42. Re7 {[%emt 0:00:06]} Kh7 {[%emt 0:00:37]} 43. Re6 {[%emt 0:00:06]} Kg8 $11 {[%emt 0:00:13]} 44. Re7 {[%emt 0:00:06]} Kh7 {[%emt 0:00:11]} 1/2-1/2

[Event "2nd Asian Nations Team Cup U14 2019"]
[Site "Shenzhen"]
[Date "2019.12.23"]
[Round "6.9"]
[White "Amilal Munkhdalai"]
[Black "Batbold, Nyamsuren"]
[Result "1-0"]
[WhiteElo "2126"]
[BlackElo "1963"]
[Annotator "TA"]
[PlyCount "67"]
[EventDate "2019.12.19"]
[EventType "team-tourn"]
[EventCountry "CHN"]
[SourceTitle "playchess.com"]
[Source "ChessBase"]
[SourceQuality "1"]
[WhiteTeam "Mongolia"]
[BlackTeam "Mongolia"]
[WhiteTeamCountry "MGL"]
[BlackTeamCountry "MGL"]

{[%evp 16,67,40,20,17,0,24,-31,1,-25,-25,-32,-25,-30,-12,-5,-7,-17,-17,-35,0,0,0,0,9,0,0,0,0,0,60,39,60,31,46,30,414,433,702,697,689,702,686,682,752,744,724,688,718,711,798,759,29990,29991]} 1. e4 e6 2. d4 d5 3. Nd2 Nf6 4. e5 Nfd7 5. f4 c5 6. c3 Nc6 7. Ndf3 cxd4 8. cxd4 Bb4+ 9. Kf2 a5 {C05: French Tarrasch: 3...Nf6 4 e5 Nfd7, 5 f4 and 5 Bd3 sidelines} (9... f6 10. g3 fxe5 11. fxe5 O-O 12. Kg2 Qb6 13. Bd3 Nxd4 14. Nxd4 Nxe5 15. Bf4 Nxd3 16. Qxd3 Bd6 17. Ngf3 Bxf4 18. gxf4 Rxf4 19. Rhe1 Bd7 20. Kh1 Raf8 21. Rad1 {1-0 (41) Petrov,N (2591)-Kalezic,B (2460) Skopje 2019}) 10. g3 a4 $146 ({Predecessor:} 10... Nb6 11. Bd3 f5 12. Ne2 Bd7 13. h3 Be7 14. a3 a4 15. g4 g6 16. gxf5 gxf5 17. Rg1 {½-½ (38) Bach,E (2289)-Lentrodt,T (2276) Germany 2001}) 11. Bh3 ({White should try} 11. Bd2 $11) 11... a3 {Black is slightly better.} 12. Ne2 axb2 13. Bxb2 Nb6 14. Bc3 Nc4 15. Bxb4 Nxb4 16. a3 Nc6 17. Qd3 Qe7 18. a4 Bd7 19. Rhb1 $36 {[%mdl 2048] Black is under pressure.} b6 20. Nd2 N6a5 21. Nxc4 Nxc4 22. f5 exf5 (22... O-O $11) 23. Nf4 Be6 24. Bg2 Ra5 25. Bxd5 Nxe5 $2 {[%mdl 8192]} (25... Bxd5 $11 26. Nxd5 Rxd5 27. Qxc4 Qd7) 26. dxe5 $18 Qc5+ (26... Bxd5 $142 27. Nxd5 Qc5+ 28. Ne3 O-O) 27. Kf1 Bxd5 {[#]} 28. Rc1 $1 {[%cal Rc1c5]} Be4 29. Qd1 O-O 30. Rxc5 bxc5 31. Qd2 Rfa8 32. Qc3 Bc6 33. Rd1 {Black must now prevent Qxa5!} Bxa4 {[#]} 34. Qxa5 $1 {[%mdl 512] Accuracy: White = 56%, Black = 26%.} 1-0

[Event "2nd Asian Nations Team Cup U14 2019"]
[Site "Shenzhen"]
[Date "2019.12.23"]
[Round "6.10"]
[White "Temuujin, Kherlen"]
[Black "Tsogtbayar, Batlut"]
[Result "0-1"]
[WhiteElo "1711"]
[BlackElo "1404"]
[Annotator "NA RC"]
[PlyCount "148"]
[EventDate "2019.12.19"]
[EventType "team-tourn"]
[EventCountry "CHN"]
[SourceTitle "playchess.com"]
[Source "ChessBase"]
[SourceQuality "1"]
[WhiteTeam "Mongolia"]
[BlackTeam "Mongolia"]
[WhiteTeamCountry "MGL"]
[BlackTeamCountry "MGL"]
[TimeControl "5400+30"]

1. c4 {[%emt 0:00:00]} Nf6 {[%emt 0:00:00]} 2. g3 {[%emt 0:00:35]} c6 {[%emt 0:00:42]} 3. Nf3 {[%emt 0:00:59]} d5 {[%emt 0:01:16]} 4. d4 {[%emt 0:00:09]} dxc4 {[%emt 0:07:16]} 5. Bg2 {[%emt 0:03:29]} Nbd7 {[%emt 0:05:25]} 6. Nbd2 {[%emt 0:05:34]} Nb6 {[%emt 0:10:30]} 7. Qc2 {[%emt 0:00:27]} Bg4 {[%emt 0:09:46]} 8. e3 {[%emt 0:03:31]} Qd5 {[%emt 0:05:19]} 9. O-O {[%emt 0:00:29]} Bf5 {[%emt 0:01:30]} 10. Qd1 {[%emt 0:01:40]} e6 {[%emt 0:06:46]} 11. Re1 {[%emt 0:20:21]} Bg4 {[%emt 0:06:02]} 12. Qc2 {[%emt 0:03:56]} Bxf3 13. Bxf3 {[%emt 0:00:20]} Qa5 {[%emt 0:05:52]} 14. Rd1 {[%emt 0:01:12]} Qa4 {[%emt 0:07:50]} 15. Qxa4 {[%emt 0:01:19]} Nxa4 {[%emt 0:00:09]} 16. Nxc4 {[%emt 0:00:06]} Nb6 {[%emt 0:00:29]} 17. Na5 {[%emt 0:00:50]} Rb8 {[%emt 0:01:46]} 18. Nxb7 {[%emt 0:00:50]} Rxb7 {[%emt 0:01:02]} 19. Bxc6+ {[%emt 0:00:07]} Rd7 {[%emt 0:00:41]} 20. Bd2 {[%emt 0:00:55]} Kd8 {[%emt 0:00:55]} 21. Bxd7 {[%emt 0:00:08]} Kxd7 {[%emt 0:00:14]} 22. Rdc1 {[%emt 0:05:58]} Be7 {[%emt 0:01:38]} 23. f3 {[%emt 0:00:25]} Rc8 {[%emt 0:00:58]} 24. Rxc8 {[%emt 0:03:32]} Nxc8 {[%emt 0:00:36]} 25. e4 {[%emt 0:08:24]} Ne8 {[%emt 0:00:29]} 26. Kf2 {[%emt 0:01:15]} Bd8 {[%emt 0:00:21]} 27. Ke2 {[%emt 0:01:44]} Bb6 {[%emt 0:00:16]} 28. Kd3 {[%emt 0:00:17]} Ne7 {[%emt 0:00:48]} 29. Bc3 {[%emt 0:03:59]} g6 {[%emt 0:01:37]} 30. b4 {[%emt 0:05:58]} a6 {[%emt 0:00:21]} 31. a4 {[%emt 0:00:55]} f5 {[%emt 0:00:42]} 32. Rb1 {[%emt 0:08:04]} Nc7 {[%emt 0:00:26]} 33. Kc4 {[%emt 0:03:21]} Nc8 {[%emt 0:01:45]} 34. Kd3 {[%emt 0:01:13]} Nd6 {[%emt 0:00:30]} 35. Re1 {[%emt 0:00:30]} h5 {[%emt 0:00:40]} 36. Re2 {[%emt 0:06:28]} Nc8 {[%emt 0:01:24]} 37. Ra2 {[%emt 0:01:18]} Nd6 {[%emt 0:00:14]} 38. Re2 {[%emt 0:00:08]} Nf7 {[%emt 0:00:38]} 39. Re1 {[%emt 0:01:02]} Ng5 {[%emt 0:00:42]} 40. Rf1 {[%emt 0:00:10]} Ne8 {[%emt 0:00:55]} 41. Bd2 {[%emt 0:00:14]} Nf7 {[%emt 0:00:28]} 42. Bc3 {[%emt 0:03:13]} Nc7 {[%emt 0:00:36]} 43. Rb1 {[%emt 0:00:27]} Nd6 {[%emt 0:00:10]} 44. Re1 {[%emt 0:00:21]} Na8 {[%emt 0:00:23]} 45. Rb1 {[%emt 0:00:19]} Bd8 {[%emt 0:00:31]} 46. Re1 {[%emt 0:01:32]} Nb6 {[%emt 0:00:35]} 47. Ra1 {[%emt 0:00:08]} Nbc8 {[%emt 0:00:38]} 48. Rb1 {[%emt 0:00:27]} Nb6 {[%emt 0:01:00]} 49. Ra1 {[%emt 0:00:11]} g5 {[%emt 0:00:26]} 50. h3 {[%emt 0:02:07]} g4 {[%emt 0:00:40]} 51. hxg4 {[%emt 0:00:22]} hxg4 {[%emt 0:00:11]} 52. e5 {[%emt 0:01:54]} Nf7 {[%emt 0:00:23]} 53. fxg4 {[%emt 0:00:05]} fxg4 {[%emt 0:00:07]} 54. b5 {[%emt 0:00:06]} axb5 {[%emt 0:00:41]} 55. axb5 {[%emt 0:00:08]} Nc8 {[%emt 0:02:48]} 56. Ra6 {[%emt 0:01:09]} Bb6 {[%emt 0:00:55]} 57. Bb4 {[%emt 0:00:45]} Kc7 {[%emt 0:00:42]} 58. Ra1 {[%emt 0:01:35]} Nh6 {[%emt 0:01:32]} 59. Rh1 {[%emt 0:00:53]} Nf5 {[%emt 0:00:16]} 60. Rh7+ {[%emt 0:00:18]} Kb8 {[%emt 0:00:25]} 61. Bc5 {[%emt 0:00:47]} Bc7 {[%emt 0:00:39]} 62. Rh8 {[%emt 0:00:24]} Kb7 {[%emt 0:01:00]} 63. Rh7 {[%emt 0:00:18]} Nb6 {[%emt 0:00:53]} 64. Bd6 {[%emt 0:00:24]} Nd5 {[%emt 0:00:12]} 65. Bxc7 {[%emt 0:01:37]} Nxc7 {[%emt 0:00:05]} 66. Kc4 {[%emt 0:00:14]} Nxg3 {[%emt 0:00:47]} 67. Kb4 {[%emt 0:01:10]} Nf5 {[%emt 0:01:48]} 68. Kc5 {[%emt 0:00:22]} g3 {[%emt 0:00:44]} 69. Rh8 {[%emt 0:00:40]} Nd5 {[%emt 0:00:45]} 70. Rg8 {[%emt 0:00:32]} Nf4 {[%emt 0:01:00]} 71. Rf8 {[%emt 0:00:33]} Ng6 {[%emt 0:00:33]} 72. Rf7+ {[%emt 0:00:28]} Nge7 {[%emt 0:00:19]} 73. d5 {[%emt 0:00:28]} g2 {[%emt 0:00:45]} 74. Rxe7+ {[%emt 0:00:05]} Nxe7 {[%emt 0:00:13]} 0-1

[Event "2nd Asian Nations Team Cup U14 2019"]
[Site "Shenzhen"]
[Date "2019.12.23"]
[Round "6.13"]
[White "Han, Xuqian Ben"]
[Black "Yeoh, Yuan Hui"]
[Result "0-1"]
[WhiteElo "1714"]
[BlackElo "1738"]
[Annotator "NA RC"]
[PlyCount "74"]
[EventDate "2019.12.19"]
[EventType "team-tourn"]
[EventCountry "CHN"]
[SourceTitle "playchess.com"]
[Source "ChessBase"]
[SourceQuality "1"]
[WhiteTeam "Hong Kong"]
[BlackTeam "Malaysia"]
[WhiteTeamCountry "HKG"]
[BlackTeamCountry "MAS"]
[TimeControl "5400+30"]

1. e4 {[%emt 0:00:00]} c6 {[%emt 0:00:00]} 2. d4 {[%emt 0:00:00]} d5 {[%emt 0:00:00]} 3. Nd2 {[%emt 0:00:00]} dxe4 {[%emt 0:00:22]} 4. Nxe4 {[%emt 0:00:00]} Bf5 {[%emt 0:00:06]} 5. Ng3 {[%emt 0:00:00]} Bg6 {[%emt 0:00:06]} 6. h4 {[%emt 0:00:00]} h6 {[%emt 0:01:08]} 7. Nf3 {[%emt 0:00:00]} Nd7 {[%emt 0:00:07]} 8. h5 {[%emt 0:00:01]} Bh7 {[%emt 0:00:07]} 9. Bd3 {[%emt 0:00:01]} Bxd3 {[%emt 0:00:57]} 10. Qxd3 {[%emt 0:00:06]} e6 {[%emt 0:00:10]} 11. Bd2 {[%emt 0:00:03]} Ngf6 {[%emt 0:00:44]} 12. O-O-O {[%emt 0:00:12]} Be7 {[%emt 0:00:06]} 13. Kb1 {[%emt 0:00:04]} O-O {[%emt 0:00:50]} 14. Ne4 {[%emt 0:00:05]} Nxe4 {[%emt 0:00:06]} 15. Qxe4 {[%emt 0:00:04]} Nf6 {[%emt 0:00:08]} 16. Qe2 {[%emt 0:00:02]} Qd5 {[%emt 0:11:36]} 17. Be3 {[%emt 0:04:36]} a5 {[%emt 0:08:08]} 18. g4 {[%emt 0:19:13]} Nxg4 {[%emt 0:07:12]} 19. Rdg1 {[%emt 0:00:38]} f5 {[%emt 0:03:18]} 20. Bc1 {[%emt 0:07:59]} Kh8 {[%emt 0:11:21]} 21. Nh2 {[%emt 0:10:59]} Qxd4 {[%emt 0:21:35]} 22. Nxg4 {[%emt 0:01:02]} fxg4 {[%emt 0:01:22]} 23. Be3 {[%emt 0:04:21]} Qe5 {[%emt 0:03:59]} 24. Rxg4 {[%emt 0:04:16]} Bf6 {[%emt 0:02:22]} 25. c3 {[%emt 0:00:53]} a4 {[%emt 0:02:43]} 26. Qc2 {[%emt 0:11:50]} a3 {[%emt 0:04:37]} 27. Bd4 {[%emt 0:03:36]} Qd5 {[%emt 0:00:59]} 28. Rhg1 {[%emt 0:05:34]} axb2 {[%emt 0:02:15]} 29. Qxb2 {[%emt 0:02:13]} e5 {[%emt 0:00:45]} 30. Be3 {[%emt 0:03:54]} Ra5 {[%emt 0:02:43]} 31. c4 {[%emt 0:02:37]} Qd3+ {[%emt 0:00:11]} 32. Kc1 {[%emt 0:00:18]} e4 {[%emt 0:03:45]} 33. Qb4 {[%emt 0:01:19]} Rfa8 {[%emt 0:01:05]} 34. Rd1 {[%emt 0:05:42]} Qe2 {[%emt 0:00:26]} 35. Rxe4 {[%emt 0:01:52]} Rxa2 {[%emt 0:00:46]} 36. Qb1 {[%emt 0:00:59]} Ra1 {[%emt 0:00:25]} 37. Re8+ {[%emt 0:00:08]} Rxe8 {[%emt 0:00:13]} 0-1